John Leguizamo Filmography - Statistics

General Stats
  • This quiz has been taken 59 times
    11 since last reset
  • The average score is 8 of 205
Answer Stats
Type Year Name % Correct
Film 2002 Ice Age
75%
Video Game 2006 Ice Age 2: The Meltdown
75%
Film 2021 Encanto
50%
Film 2016 Ice Age: Collision Course
50%
Film 2012 Ice Age: Continental Drift
50%
Video Game 2012 Ice Age: Continental Drift - Arctic Games
50%
Film | Video Game 2009 Ice Age: Dawn of the Dinosaurs
50%
Film 1993 Super Mario Bros.
50%
Film 1997 The Pest
50%
Film 1993 Carlito's Way
25%
Theater 1998 Freak
25%
Film 2006 Ice Age: The Meltdown
25%
TV Special 1998 John Leguizamo: Freak
25%
TV Special 2002 John Leguizamo: Sexaholix... A Love Story
25%
Web Special 2018 John Leguizamo's Latin History for Morons
25%
Theater 2016-2019 Latin History for Morons
25%
Theater 2001-2002, 2003 Sexaholix
25%
Film 1996 The Fan
25%
Film 1995 To Wong Foo, Thanks for Everything! Julie Newmar
25%
Film 1996 William Shakespeare's Romeo + Juliet
25%
Film 2016 11:55
0%
Film 1997 A Brother's Kiss
0%
TV Film 2006 A.K.A.
0%
TV Show 1997 All That
0%
Theater 2008 American Buffalo
0%
TV Show 2013 American Dad!
0%
Documentary Series 2024 American Histories: The Untold History of Latinos
0%
Film 2015 American Ultra
0%
Theater 1987-1988 A Midsummer Night's Dream
0%
TV Show 2018 Animals.
0%
TV Show 2011 A Poem Is...
0%
Film 1995 A Pyromaniac's Love Story
0%
TV Mini-Series 2000 Arabian Nights
0%
Film 2005 Assault on Precinct 13
0%
Documentary 2011 Ballplayer: Pelotero
0%
Podcast 2021-Present Batman: The Audio Adventures
0%
Short Film 2010 Big Balls
0%
Web Series 2016-2017 Bloodline
0%
Film 2024 Bob Trevino Likes It
0%
Film 1998 Body Count
0%
Web Series 2018 BoJack Horseman
0%
Music Video 1984 Borderline
0%
Commercial 2004 Burger King
0%
Film 1989 Casualties of War
0%
Film 2014 Chef
0%
Film 2002 Collateral Damage
0%
Short Film 2015 Cosmic Scrat-tastrophe
0%
Film 2020 Critical Thinking
0%
Film 2004 Crónicas
0%
Film 2014 Cymbeline
0%
Film 2021 Dark Blood
0%
Film 1990 Die Hard 2
0%
Music Video 2004 Dimelo
0%
TV Show 2004, 2010 Dora the Explorer
0%
Film 1998 Dr. Dolittle
0%
Film 2001 Dr. Dolittle 2
0%
TV Show 2020 Elena of Avalor
0%
Film 2012 El Paseo 2
0%
Film 2002 Empire
0%
TV Show 2005-2006 ER
0%
Film 1996 Executive Decision
0%
Film 2015 Experimenter
0%
Web Series 2021-2022 Fairfax
0%
Documentary Series 2022 Finding Your Roots with Henry Louis Gates, Jr.
0%
Film 2013 Fish N Chips, Best Enemies Forever
0%
Film 1998 Frogs for Snakes
0%
Film 2014 Fugly!
0%
Film 2009 Gamer
0%
Film 1990 Gentile Alouette
0%
Film 2015 Get Squirrely
0%
Theater 2011-2012 Ghetto Klown
0%
Film 1991 Hangin' with the Homeboys
0%
TV Show 1995 House of Buggin'
0%
Film 2026 Ice Age 6
0%
TV Short 2011 Ice Age: A Mammoth Christmas
0%
Video Game 2015 Ice Age Avalanche
0%
TV Short 2016 Ice Age: The Great Egg-Scapade
0%
Video Game 2013 Ice Age Village
0%
TV Show 2021 IneXplicable Latinoamérica con John Leguizamo
0%
Film 1999 Joe the King
0%
Theater 2001 John Leguizamo Live
0%
Short Documentary 2022 John Leguizamo Live at Rikers
0%
TV Special 1991 John Leguizamo: Mambo Mouth
0%
TV Special 2014 John Leguizamo's Ghetto Klown
0%
TV Special 1993 John Leguizamo: Spic-O-Rama
0%
Documentary 2018 John Leguizamo's Road to Broadway
0%
Theater 2011 John Leguizamo Warms Up
0%
Film 2014 John Wick
0%
Film 2017 John Wick: Chapter 2
0%
Film 2013 Kick-Ass 2
0%
TV Film 1998 Kids Are Punny
0%
TV Film 2013 King John
0%
Film 2000 King of the Jungle
0%
TV Short 2012 Kings of Van Nuys
0%
Film 2005 Land of the Dead
0%
Theater 1987 La Puta Vida Trilogy
0%
TV Documentary 2024 Latinos in Hollywood: Owning Our Destiny
0%
Documentary Series 2023-Present Leguizamo Does America
0%
TV Show 2016-2017 Live with Kelly
0%
Short Film 2006 Lost Historical Films on the Ice Age Period
0%
Film 2007 Love in the Time of Cholera
0%
TV Show 2001 Lugar Heights
0%
Theater 1990-1991 Mambo Mouth
0%
Film 2015 Meadowland
0%
TV Special 2006 Mega Espaciales: John Leguizamo
0%
TV Show 1986, 1987, 1989 Miami Vice
0%
Film 2008 Miracle at St. Anna
0%
Film 1984 Mixed Blood
0%
Film 2001 Moulin Rouge!
0%
TV Show 2006 My Name Is Earl
0%
Award Show 2000 My VH1 Music Awards
0%
Film 2018 Nancy
0%
Award Show 2000 New York Magazine Awards Show 2000
0%
TV Special 2010 Nickelodeon Mega Music Festival
0%
Film 1993 Night Owl
0%
Film 2008 Nothing like the Holidays
0%
TV Film 1991 NYPD Mounted
0%
Film 2012 One for the Money
0%
Commercial 2016 Optimum
0%
Film 1991 Out for Justice
0%
Commercial 2021-2022 Papa John's
0%
Film 2008 Paraiso Travel
0%
Commercial 2019 Pepsi
0%
Film 2016 Perros
0%
Film 2019 Playing with Fire
0%
TV Film 2002 Point of Origin
0%
Film 1991 Poison
0%
Short Film 2016 Porzingod
0%
Film 1992 Puerto Rican Mambo (Not a Musical)
0%
Film 2009 Rage
0%
Video Game 2003 Rayman 3: Hoodlum Havoc
0%
Film 1991 Regarding Henry
0%
Film 2010 Repo Men
0%
Film 1990 Rescue Me
0%
Film 1990 Revenge
0%
Film 2014 Ride Along
0%
Film 2008 Righteous Kill
0%
TV Film 2017 Salamander
0%
TV Show 2014 Sanjay and Craig
0%
TV Show 2020, 2021 Santiago of the Seas
0%
TV Show 2002 Sesame Street
0%
TV Show TBA Sinaloa's First Lady
0%
Commercial 2020 SingleCare
0%
Film 2015 Sisters
0%
Web Series 2025 Smoke
0%
Music Video 2017 Somos Anormales
0%
Film 1997 Spawn
0%
Theater 1992-1993 Spic-O-Rama
0%
Film 2002 Spun
0%
Film 2015 Stealing Cars
0%
Film 2005 Sueño
0%
Film 1999 Summer of Sam
0%
Documentary 2014 Super Mario Bros: This Ain't No Video Game
0%
Short Film 2008 Surviving Sid
0%
Music Video 2024 Talking in Your Sleep
0%
TV Show 2016 Taxi 22
0%
Short Film 1990 That Burning Question
0%
Film TBA The Adventures of Drunky
0%
Web Series 2015 The Adventures of Puss in Boots
0%
Film 2006 The Alibi
0%
Web Series 2011 The Annoying Orange
0%
Film 2007 The Babysitters
0%
TV Show 2000-2004 The Brothers García
0%
Film 2013 The Counselor
0%
Film 2017 The Crash
0%
Web Series 2024-Present The Green Veil
0%
Film 2006 The Groomsmen
0%
Film 2008 The Happening
0%
Film 2016 The Hollow Point
0%
Film 2005 The Honeymooners
0%
Film 2016 The Infiltrator
0%
TV Show 2007 The Kill Point
0%
TV Documentary 2015 The Latin Explosion: A New America
0%
Film 2011 The Lincoln Lawyer
0%
Web Series 2020 The Mandalorian
0%
Film 2022 The Menu
0%
Film 2009 The Ministers
0%
Film 2020 The Night Clerk
0%
Film 2026 The Odyssey
0%
Theater 2024-2025 The Other Americans
0%
Web Series 2023 The Power
0%
Film 2019 The Sun Is Also a Star
0%
Film 2021 The Survivor
0%
Film 2007 The Take
0%
TV Special 2021 The Wonderful World of Disney: Magical Holiday Celebration
0%
Short Film 1992 Time Expired
0%
Film 2024 Tin Soldier
0%
Film 2000 Titan A.E.
0%
Commercial 2003 TNN
0%
TV Film 2003 Undefeated
0%
Film 2013 Underdogs
0%
Film 2010 Vanishing on 7th Street
0%
Film 2022 Violent Night
0%
TV Mini-Series 2018 Waco
0%
TV Show 2023 Waco: The Aftermath
0%
Film | Theater 2021 Waiting for Godot
0%
Film 2013 Walking with Dinosaurs
0%
Music Video 2015 What Do You Mean?
0%
Film 2001 What's the Worst That Could Happen?
0%
Web Mini-Series 2019 When They See Us
0%
Film 2007 Where God Left His Shoes
0%
Film 1992 Whispers in the Dark
0%
Film 2002 Zig Zag
0%
No matching quizzes found
Score Distribution
Percent of People with Each Score
Percentile by Number Answered
Your Score History
You have not taken this quiz since the last reset